Tuổi trẻ việt nam học tập và làm theo lời Bác (Tài liệu phục vụ sinh hoạt chi đoàn và đoàn cơ sở)
Thực hiện chỉ thị số 06-CT/TW ngày 07/11/2006 của Bộ Chính trị về tổ chức cuộc vận động "Học tập làm theo tấm gương đạo đức Hồ Chí Minh", để phục vụ việc triển khai và thực hiện có hiệu quả cuộc vận động "Tuổi trẻ Việ...
Đã lưu trong:
| 企业作者: | |
|---|---|
| 格式: | 图书 |
| 语言: | Undetermined |
| 出版: |
Hà Nội
Thanh niên
2008
|
| 主题: | |
| 标签: |
添加标签
没有标签, 成为第一个标记此记录!
|
| Thư viện lưu trữ: | Trung tâm Học liệu Trường Đại học Cần Thơ |
|---|
| LEADER | 01463nam a2200229Ia 4500 | ||
|---|---|---|---|
| 001 | CTU_135358 | ||
| 008 | 210402s9999 xx 000 0 und d | ||
| 020 | |c 9000 | ||
| 082 | |a 324.2075092 | ||
| 082 | |b Tr513 | ||
| 110 | |a Trung ương Đoàn Thanh niên Cộng sản Hồ Chí Minh | ||
| 245 | 0 | |a Tuổi trẻ việt nam học tập và làm theo lời Bác | |
| 245 | 0 | |b (Tài liệu phục vụ sinh hoạt chi đoàn và đoàn cơ sở) | |
| 245 | 0 | |c Trung ương Đoàn Thanh niên Cộng sản Hồ Chí Minh | |
| 260 | |a Hà Nội | ||
| 260 | |b Thanh niên | ||
| 260 | |c 2008 | ||
| 520 | |a Thực hiện chỉ thị số 06-CT/TW ngày 07/11/2006 của Bộ Chính trị về tổ chức cuộc vận động "Học tập làm theo tấm gương đạo đức Hồ Chí Minh", để phục vụ việc triển khai và thực hiện có hiệu quả cuộc vận động "Tuổi trẻ Việt Nam học tập và làm theo lời Bác" là một tài liệu cần thiết phục vụ cho đoàn viên, thanh thiếu nhi ở cơ sở. Nội dung bao gồm hai phần: Một số văn bản chỉ đạo và một số tư liệu tham khảo. | ||
| 650 | |a Hồ Chí Minh,Communists | ||
| 650 | |x Biography,Vietnam | ||
| 904 | |i Duy Bằng | ||
| 980 | |a Trung tâm Học liệu Trường Đại học Cần Thơ | ||